15 Category Grab Bag Quiz Stats

 Plays Quiz Updated Dec 1, 2016

Challenge
Share
Tweet
Embed
Score 0/37 Timer 08:00
5 Plays Today
% Correct
Blue
97.8%
Brown
94.7%
Dancer
86.1%
France
86%
Donner
84.8%
Dasher
82.4%
Oxygen
81.6%
north
79%
Jets
78.1%
navel
77.1%
Finland
73.3%
The C Word
72.6%
Jaguars
71.2%
Library
62.6%
Garfield
58.3%
Grant
55.1%
ER
54.2%
Lounge
51.5%
Fiji
48.4%
% Correct
King Lear
48.3%
Help!
46.4%
Acts
46.2%
nacre
43.9%
Inception
42.8%
Hey Jude
34.3%
Microsoft
32.5%
Amos
28.3%
Everybody Loves Raymond
27.7%
Fellatio Aficionado
23.4%
Hello, Goodbye
22.3%
McDonalds
16.8%
Osmium
16.6%
Interstellar
14.8%
King John
11.2%
Insomnia
7.6%
Oganesson
5%
Merck
4.4%

You're not logged in!

Compare scores with friends on all Sporcle quizzes.
OR
Log In

You Might Also Like...

Show Comments

Extras

Top Quizzes Today


Score Distribution

Your Account Isn't Verified!

In order to create a playlist on Sporcle, you need to verify the email address you used during registration. Go to your Sporcle Settings to finish the process.

Report this User

Report this user for behavior that violates our Community Guidelines.

Details: